<?xml version="1.0" encoding="UTF-8"?>
<record
    xmlns:xsi="http://www.w3.org/2001/XMLSchema-instance"
    xsi:schemaLocation="http://www.loc.gov/MARC21/slim http://www.loc.gov/standards/marcxml/schema/MARC21slim.xsd"
    xmlns="http://www.loc.gov/MARC21/slim">

  <leader>00903nam a22001577a 4500</leader>
  <controlfield tag="003">OSt</controlfield>
  <controlfield tag="005">20220406145406.0</controlfield>
  <controlfield tag="008">150926b        xxu||||| |||| 00| 0 eng d</controlfield>
  <datafield tag="040" ind1=" " ind2=" ">
    <subfield code="c">RUA</subfield>
  </datafield>
  <datafield tag="082" ind1=" " ind2=" ">
    <subfield code="a">AGR PEN 2013 B054 Or.1</subfield>
  </datafield>
  <datafield tag="100" ind1=" " ind2=" ">
    <subfield code="9">1386</subfield>
    <subfield code="a">PEN, PILOT.</subfield>
  </datafield>
  <datafield tag="245" ind1=" " ind2=" ">
    <subfield code="a">Effect of (DAP and KCL) level on germination and sowing growth by rogro machine of IR 66 variety in early season condition &#x17A5;&#x1791;&#x17D2;&#x1792;&#x17B7;&#x1796;&#x179B;&#x1780;&#x1798;&#x17D2;&#x179A;&#x17B7;&#x178F;&#x1787;&#x17B8;&#x1791;&#x17D2;&#x179A;&#x17B6;&#x1794;&#x17CB;&#x1794;&#x17B6;&#x178F;&#x178A;&#x17C1;&#x17A2;&#x17B6;&#x1794;&#x17C9;&#x17C1; &#x1793;&#x17B7;&#x1784;&#x1794;&#x17C9;&#x17BC;&#x178F;&#x17B6;&#x179F;&#x17D2;&#x1799;&#x17BC;&#x1798;&#x1780;&#x17D2;&#x179B;&#x179A;&#x17BD;&#x179B;&#x17BE;&#x178A;&#x17C6;&#x178E;&#x17BB;&#x17C7;&#x1782;&#x17D2;&#x179A;&#x17B6;&#x1794;&#x17CB; &#x1793;&#x17B7;&#x1784;&#x1780;&#x17B6;&#x179A;&#x179B;&#x17BC;&#x178F;&#x179B;&#x17B6;&#x179F;&#x17CB;&#x1793;&#x17C3;&#x1796;&#x17BC;&#x1787;&#x179F;&#x17D2;&#x179A;&#x17BC;&#x179C;&#x17A2;&#x17CA;&#x17B8;&#x17A2;&#x17CA;&#x17C2;&#x179A;&#x17E6;&#x17E6;&#x1796;&#x1784;&#x17D2;&#x179A;&#x17C4;&#x17C7;&#x178A;&#x17C4;&#x1799;&#x1798;&#x17C9;&#x17B6;&#x179F;&#x17CA;&#x17B8;&#x1793;(ROGRO)&#x1780;&#x17D2;&#x1793;&#x17BB;&#x1784;&#x179B;&#x1780;&#x17D2;&#x1781;&#x1781;&#x17D0;&#x178E;&#x17D2;&#x178C;&#x178A;&#x17BE;&#x1798;&#x179A;&#x178A;&#x17BC;&#x179C;&#x179C;&#x179F;&#x17D2;&#x179F;&#x17B6;</subfield>
  </datafield>
  <datafield tag="260" ind1=" " ind2=" ">
    <subfield code="a">Phnom Penh</subfield>
    <subfield code="b">RUA</subfield>
    <subfield code="c">2013</subfield>
  </datafield>
  <datafield tag="300" ind1=" " ind2=" ">
    <subfield code="a">xii; 46p.</subfield>
    <subfield code="b">ill.</subfield>
    <subfield code="c">29cm.</subfield>
  </datafield>
  <datafield tag="942" ind1=" " ind2=" ">
    <subfield code="2">ddc</subfield>
    <subfield code="c">AGR</subfield>
  </datafield>
  <datafield tag="999" ind1=" " ind2=" ">
    <subfield code="c">1301</subfield>
    <subfield code="d">1301</subfield>
  </datafield>
  <datafield tag="952" ind1=" " ind2=" ">
    <subfield code="0">0</subfield>
    <subfield code="1">0</subfield>
    <subfield code="2">ddc</subfield>
    <subfield code="4">0</subfield>
    <subfield code="6">AGR_PEN_2013_000000000000000_B054_OR_1</subfield>
    <subfield code="7">0</subfield>
    <subfield code="9">5577</subfield>
    <subfield code="a">LBB</subfield>
    <subfield code="b">LBB</subfield>
    <subfield code="c">B054</subfield>
    <subfield code="d">2015-09-26</subfield>
    <subfield code="o">AGR PEN 2013 B054 Or.1</subfield>
    <subfield code="p">RUA006721</subfield>
    <subfield code="r">2015-09-26</subfield>
    <subfield code="w">2015-09-26</subfield>
    <subfield code="y">AGR</subfield>
  </datafield>
  <datafield tag="952" ind1=" " ind2=" ">
    <subfield code="0">0</subfield>
    <subfield code="1">0</subfield>
    <subfield code="2">ddc</subfield>
    <subfield code="4">0</subfield>
    <subfield code="6">AGR_PEN_2013_000000000000000_B1_194_OR_1</subfield>
    <subfield code="7">0</subfield>
    <subfield code="9">76740</subfield>
    <subfield code="a">LBB</subfield>
    <subfield code="b">LBB</subfield>
    <subfield code="d">2018-12-28</subfield>
    <subfield code="o">AGR PEN 2013 B1.194 Or.1</subfield>
    <subfield code="p">A41155</subfield>
    <subfield code="r">2018-12-28</subfield>
    <subfield code="w">2018-12-28</subfield>
    <subfield code="y">AGR</subfield>
  </datafield>
  <datafield tag="952" ind1=" " ind2=" ">
    <subfield code="0">0</subfield>
    <subfield code="1">0</subfield>
    <subfield code="2">ddc</subfield>
    <subfield code="4">0</subfield>
    <subfield code="6">AGR_PEN_2013_000000000000000_B1_210_OR_2</subfield>
    <subfield code="7">0</subfield>
    <subfield code="9">77615</subfield>
    <subfield code="a">LBB</subfield>
    <subfield code="b">LBB</subfield>
    <subfield code="c">B1.210</subfield>
    <subfield code="d">2019-01-21</subfield>
    <subfield code="o">AGR PEN 2013 B1.210 Or.2</subfield>
    <subfield code="p">A40441</subfield>
    <subfield code="r">2019-01-21</subfield>
    <subfield code="w">2019-01-21</subfield>
    <subfield code="y">AGR</subfield>
  </datafield>
  <datafield tag="952" ind1=" " ind2=" ">
    <subfield code="0">0</subfield>
    <subfield code="1">0</subfield>
    <subfield code="2">ddc</subfield>
    <subfield code="4">0</subfield>
    <subfield code="6">AGR_PEN_2013_000000000000000_B054_OR_1</subfield>
    <subfield code="7">0</subfield>
    <subfield code="9">90112</subfield>
    <subfield code="a">LBB</subfield>
    <subfield code="b">LBB</subfield>
    <subfield code="c">B054</subfield>
    <subfield code="d">2022-04-06</subfield>
    <subfield code="l">1</subfield>
    <subfield code="o">AGR PEN 2013 B054 Or.1</subfield>
    <subfield code="p">A068881</subfield>
    <subfield code="r">2023-11-21</subfield>
    <subfield code="s">2023-11-14</subfield>
    <subfield code="w">2022-04-06</subfield>
    <subfield code="y">AGR</subfield>
  </datafield>
</record>
